"Да ведают потомки православных земли родной минувшую судьбу". Вклад горно-геологической школы ТПУ в исследование, освоение недр и развитие страны; Томский политехник; Вып. 7
| Parent link: | Томский политехник: ежегодный журнал/ Томский политехнический университет (ТПУ), Ассоциация выпускников.— , 1995- Вып. 7.— 2001.— [С. 4-8] |
|---|---|
| Hovedforfatter: | |
| Summary: | Заглавие с титульного листа Электронная версия печатной публикации |
| Sprog: | russisk |
| Udgivet: |
2001
|
| Serier: | Юбилеи: 100 лет горно-геологическому образованию в Сибири |
| Fag: | |
| Online adgang: | Цветная версия без потери качества |
| Format: | MixedMaterials Electronisk Book Chapter |
| KOHA link: | https://koha.lib.tpu.ru/cgi-bin/koha/opac-detail.pl?biblionumber=191046 |
MARC
| LEADER | 00000nla2a2200000 4500 | ||
|---|---|---|---|
| 001 | 191046 | ||
| 005 | 20231031180526.0 | ||
| 035 | |a (RuTPU)RU\TPU\book\208286 | ||
| 035 | |a RU\TPU\book\208279 | ||
| 090 | |a 191046 | ||
| 100 | |a 20110201d2001 km y0rusy50 ca | ||
| 101 | 0 | |a rus | |
| 102 | |a RU | ||
| 135 | |a drnn ---uucaa | ||
| 181 | 0 | |a i | |
| 182 | 0 | |a b | |
| 200 | 1 | |a "Да ведают потомки православных земли родной минувшую судьбу". Вклад горно-геологической школы ТПУ в исследование, освоение недр и развитие страны |b Электронный ресурс |f П. С. Чубик | |
| 203 | |a Текст |c электронный | ||
| 215 | |a 1 файл (14.6 Мб) | ||
| 225 | 1 | |a Юбилеи: 100 лет горно-геологическому образованию в Сибири | |
| 230 | |a Электронные текстовые данные (1 файл : 14.6 Мб) | ||
| 300 | |a Заглавие с титульного листа | ||
| 300 | |a Электронная версия печатной публикации | ||
| 337 | |a Adobe Reader | ||
| 461 | 1 | |0 (RuTPU)RU\TPU\book\202435 |t Томский политехник |o ежегодный журнал |f Томский политехнический университет (ТПУ), Ассоциация выпускников |d 1995- | |
| 463 | 1 | |0 (RuTPU)RU\TPU\book\208277 |t Вып. 7 |v [С. 4-8] |d 2001 |p 208 с. | |
| 601 | 0 | 2 | |a Томский технологический институт (ТТИ) |c (1896-1923) |2 stltpush |3 (RuTPU)RU\TPU\col\9244 |
| 601 | 0 | 2 | |a Томский политехнический институт (ТПИ) |c (1944-1991) |2 stltpush |3 (RuTPU)RU\TPU\col\1123 |
| 601 | 0 | 2 | |a Томский политехнический университет (ТПУ) |c (1991-2009) |2 stltpush |3 (RuTPU)RU\TPU\col\376 |b Институт геологии и нефтегазового дела (ИГНД) |
| 610 | 1 | |a Сибирская горно-геологическая школа | |
| 610 | 1 | |a геологоразведочный факультет | |
| 610 | 1 | |a ГРФ | |
| 610 | 1 | |a факультет геологоразведки и нефтегазодобычи | |
| 610 | 1 | |a ГНФ | |
| 610 | 1 | |a горное дело | |
| 610 | 1 | |a горно-геологическое образование | |
| 610 | 1 | |a Сибирь | |
| 610 | 1 | |a история | |
| 610 | 1 | |a юбилеи | |
| 610 | 1 | |a горно-геологические школы | |
| 610 | 1 | |a труды учёных ТПУ | |
| 610 | 1 | |a электронный ресурс | |
| 700 | 1 | |a Чубик |b П. С. |c российский геолог |c профессор, ректор Томского политехнического университета ( с 2008 г.) |f 1954- |g Петр Савельевич |2 stltpush |3 (RuTPU)RU\TPU\pers\24546 | |
| 801 | 1 | |a RU |b 63413507 |c 20101101 | |
| 801 | 2 | |a RU |b 63413507 |c 20111002 |g RCR | |
| 856 | 4 | |u http://www.lib.tpu.ru/fulltext/v/Tomsk_polytechnic/2001/N7a3_full.pdf |z Цветная версия без потери качества | |
| 942 | |c CF | ||